|
|
|
|
| LEADER |
02993nam a2200337 a 4500 |
| 003 |
GR-PaULI |
| 005 |
20210409093746.0 |
| 008 |
171120s2006 gr a f |||| 00| 0 gre d |
| 020 |
|
|
|a 9602145145
|
| 040 |
|
|
|a GR-PaULI
|b gre
|c GR-PaULI
|d GR-AiPI
|e AACR2
|
| 082 |
0 |
4 |
|a 363.69
|2 23
|
| 245 |
1 |
0 |
|a Αξιοποίηση και ανάδειξη της πολιτιστικής κληρονομιάς :
|b σεμινάριο στο πλαίσιο της ελληνικής προεδρίας της Ευρωπαϊκής Ένωσης υπό την αιγίδα του Υπουργείου Πολιτισμού / Πρακτικά, Αθήνα-Δελφοί, 17-19 Μαρτίου 2003 = enhancement and promotion of cultural heritage /
|c γενική εποπτεία Ντιάνα Ζαφειροπούλου ; επιμέλεια κειμένων Αριάδνη-Ελένη Φιορέτου.
|
| 246 |
|
|
|i Παράλληλος τίτλος :
|a Enhancement and promotion of cultural heritage
|
| 260 |
|
|
|a Αθήνα :
|b Ταμείο Αρχαιολογικών Πόρων και Απαλλοτριώσεων,
|c 2006.
|
| 300 |
|
|
|a 288 σ. :
|b εικ. (ορισμένες έγχρ.), φωτ. ;
|c 28 εκ.
|
| 500 |
|
|
|a Κείμενα στα ελληνικά και στα αγγλικά.
|
| 504 |
|
|
|6 Περιλαμβάνει βιβλιογραφικές παραπομπές.
|
| 650 |
|
4 |
|9 78990
|a Πολιτιστική κληρονομιά
|x Προστασία
|
| 650 |
|
4 |
|a Πολιτιστική κληρονομιά
|z Ελλάδα
|9 9858
|
| 650 |
|
4 |
|9 165697
|a Μνημεία
|x Συντήρηση και αποκατάσταση
|v Συνέδρια
|
| 700 |
1 |
|
|9 58588
|a Ζαφειροπούλου, Ντιάνα
|e επιμελήτρια
|
| 700 |
1 |
|
|9 165684
|a Φιορέτου, Αριάδνη-Ελένη
|e επιμελήτρια
|
| 710 |
2 |
|
|9 165685
|a Ελληνική Προεδρία της Ευρωπαϊκής Ένωσης
|
| 942 |
|
|
|2 ddc
|c BK15
|
| 952 |
|
|
|0 0
|1 0
|2 ddc
|4 0
|6 363_690000000000000_ΑΞΙ
|7 0
|9 217379
|a LISA
|b LISA
|c BSC
|d 2017-11-20
|i 13360
|l 2
|m 1
|o 363.69 ΑΞΙ
|p 026000279043
|r 2018-07-03 00:00:00
|s 2018-05-11
|t 1
|w 2017-11-20
|y BK15
|
| 952 |
|
|
|0 0
|1 0
|2 ddc
|4 0
|6 363_690000000000000_ΑΞΙ
|7 0
|9 217380
|a LISA
|b LISA
|c BSC
|d 2017-11-20
|i 13359
|l 1
|m 1
|o 363.69 ΑΞΙ
|p 026000279044
|r 2018-11-20 00:00:00
|s 2018-10-10
|t 2
|w 2017-11-20
|y BK15
|
| 952 |
|
|
|0 0
|1 0
|2 ddc
|4 0
|6 363_690000000000000_ΑΞΙ
|7 0
|9 303310
|a LISK
|b LISK
|c BSC
|d 2021-01-17
|e 24
|f 0
|g 0.00
|l 0
|o 363.69 ΑΞΙ
|p 92410033063
|r 2021-01-17 00:00:00
|t 1
|w 2021-01-17
|y BK15
|x 20071112 0 1
|x GrPaTEI
|
| 952 |
|
|
|0 0
|1 0
|2 ddc
|4 0
|6 363_690000000000000_ΑΞΙ
|7 0
|9 303311
|a LISK
|b LISK
|c BSC
|d 2021-01-17
|e 24
|f 0
|g 0.00
|l 0
|o 363.69 ΑΞΙ
|p 92410033554
|r 2021-01-17 00:00:00
|t 1
|w 2021-01-17
|y BK15
|x 20071212 0 1
|x GrPaTEI
|
| 952 |
|
|
|0 0
|1 0
|2 ddc
|4 0
|6 363_690000000000000_ΑΞΙ
|7 1
|9 303312
|a LISK
|b LISK
|c BSC
|d 2021-01-17
|e 24
|f 0
|g 0.00
|l 0
|o 363.69 ΑΞΙ
|p 92410033555
|r 2021-01-17 00:00:00
|t 1
|w 2021-01-17
|y BKN
|x 20071212 0 0
|x GrPaTEI
|
| 998 |
|
|
|c ΜΙΧΟΣΤΑΥΡΟΥ
|d 2017-11
|
| 999 |
|
|
|c 131781
|d 131781
|